[Event "Top 16 Groupe A"]
[Site "Chartres, France"]
[Date "2024.06.01"]
[Round "3.25"]
[White "Laurent-Paoli, Pierre"]
[Black "Travadon, Loic"]
[Result "1/2-1/2"]
[WhiteElo "2576"]
[BlackElo "2445"]
[PlyCount "193"]
[EventDate "2024.??.??"]

1. d4 {49} Nf6 {6} 2. c4 {17} e6 {6} 3. Nf3 {36} b6 {9} 4. g3 {110} Bb7 {8} 5.
Bg2 {6} Be7 {7} 6. O-O {19} O-O {6} 7. Nc3 {235} Ne4 {8} 8. Qc2 {13} Nxc3 {46}
9. Qxc3 {20} d6 {143} 10. Qd3 {219} f5 {52} 11. Qe3 {891} Qc8 {10} 12. Ne1 {11}
Bxg2 {54} 13. Nxg2 {4} Bf6 {77} 14. Nf4 {183} e5 {625} 15. Qf3 {327} e4 {186}
16. Qb3 {164} Nc6 {380} 17. d5 {477} Na5 {513} 18. Qa4 {309} Qe8 {192} 19. Qc2
{65} Nb7 {342} 20. Be3 {125} Nd8 {23} 21. Rae1 {105} g5 {154} 22. Ng2 {7} Qg6 {
48} 23. f4 {234} g4 {114} 24. Rd1 {79} Qg7 {42} 25. b3 {43} Nb7 {94} 26. Qd2 {
237} Bc3 {28} 27. Bd4 {88} Bxd2 {199} 28. Bxg7 {4} Kxg7 {259} 29. Rxd2 {4} a5 {
28} 30. Ne3 {32} Nc5 {16} 31. Kf2 {358} h5 {57} 32. h4 {48} Kf6 {52} 33. Rc2 {
340} Rfb8 {34} 34. Rd1 {96} Nd7 {372} 35. Rb1 {185} Nc5 {11} 36. Rd1 {93} Nd7 {
3} 37. Ke1 {115} Nc5 {7} 38. Rd4 {39} Nd7 {21} 39. Kf1 {183} Nc5 {6} 40. Kf2 {
19} Nd7 {5} 41. Nd1 {72} Nc5 {31} 42. Nc3 {77} Re8 {7} 43. Ke3 {51} Re7 {115}
44. Rd1 {105} Ree8 {191} 45. Nb5 {68} Rec8 {324} 46. Rb1 {132} Nb7 {65} 47. Rd2
{89} Nc5 {5} 48. Rdd1 {71} Nb7 {13} 49. a3 {41} Ra6 {182} 50. Ra1 {126} Raa8 {
52} 51. Nd4 {86} Nc5 {50} 52. Rdb1 {63} Nb7 {38} 53. b4 {354} Ra6 {58} 54. Kd2
{64} Ra7 {215} 55. e3 {135} Ra6 {17} 56. Kc3 {35} Ra7 {77} 57. Kb2 {35} Ra6 {10
} 58. Rc1 {8} Ra7 {50} 59. Nb3 {36} Ra6 {56} 60. Kc3 {18} Rca8 {41} 61. Kd4 {
210} Rd8 {12} 62. Kc3 {61} Rda8 {11} 63. Kb2 {6} R6a7 {112} 64. Nd4 {61} Ra6 {
64} 65. Ne6 {44} Rc8 {2} 66. Kb3 {57} Nd8 {115} 67. Nd4 {166} Nb7 {9} 68. Kb2 {
121} Ra7 {144} 69. Nb3 {20} Rca8 {54} 70. Kc3 {86} Ra6 {53} 71. Rab1 {36} Rc8 {
97} 72. Rc2 {25} Rca8 {37} 73. Kd2 {112} R6a7 {118} 74. Rcc1 {145} Rd8 {38} 75.
Rc3 {28} Rb8 {58} 76. Rb2 {39} Rd8 {43} 77. Kc1 {19} Rda8 {51} 78. Nd4 {111}
Rc8 {23} 79. Nb5 {9} Ra6 {12} 80. Kb1 {77} Raa8 {86} 81. Rbc2 {23} Ra6 {18} 82.
Kb2 {26} Raa8 {9} 83. Rc1 {25} Ra6 {7} 84. Kb3 {29} Raa8 {9} 85. R3c2 {40} Ra6
{4} 86. Ra2 {198} Raa8 {27} 87. Rcc2 {12} Ra6 {4} 88. Nd4 {4} Ra7 {59} 89. Rd2
{125} Ra6 {36} 90. Ne6 {43} Nd8 {30} 91. Nd4 {197} Nb7 {19} 92. Nc6 {27} Rca8 {
25} 93. Rdc2 {25} Rc8 {15} 94. Nd4 {43} Ra7 {34} 95. Ne6 {6} Nd8 {11} 96. Nxd8
{78} Rxd8 {13} 97. b5 {75} 1/2-1/2

[Event "Top 16 Groupe A"]
[Site "Chartres, France"]
[Date "2024.06.01"]
[Round "3.26"]
[White "Emmenecker, Pierre-Antoine"]
[Black "Albornoz Cabrera, Carlos Daniel"]
[Result "0-1"]
[WhiteElo "2306"]
[BlackElo "2610"]
[PlyCount "90"]
[EventDate "2024.??.??"]

1. e3 {22} Nf6 {33} 2. Nf3 {45} d5 {34} 3. b3 {26} e6 {85} 4. Bb2 {34} Bd6 {5}
5. c4 {102} O-O {15} 6. Nc3 {118} a6 {109} 7. d4 {162} b6 {8} 8. Bd3 {135} Bb7
{38} 9. Qc2 {216} Nbd7 {283} 10. e4 {891} dxe4 {167} 11. Nxe4 {17} Bb4+ {69}
12. Ke2 {209} Nh5 {399} 13. Qc1 {2592} f5 {1919} 14. Ng3 {7} Nhf6 {54} 15. Qc2
{460} Bd6 16. Rhe1 {237} Bb4 {1159} 17. Red1 {238} Qe8 {173} 18. c5 {353} bxc5
{157} 19. a3 {12} c4 {29} 20. bxc4 {117} Bd6 {7} 21. c5 {68} Bxg3 {61} 22. c6 {
25} Bxc6 {22} 23. Qxc6 {22} Bd6 {2} 24. Kf1 {103} Nb6 {141} 25. Qc2 {63} Nbd5 {
52} 26. Re1 {23} Qh5 {197} 27. Bc4 {82} Bxh2 {162} 28. Rxe6 {26} Kh8 {2} 29.
Re5 {51} Bxe5 {136} 30. dxe5 {29} Nf4 {91} 31. Kg1 {31} Ne4 {41} 32. e6 {32}
Qg4 {73} 33. Ne1 {16} Nh3+ {92} 34. Kf1 {24} Nhxf2 {64} 35. Bd4 {16} Ng3+ {37}
36. Kxf2 {9} Qxd4+ {3} 37. Kxg3 {8} Qxa1 {14} 38. Nf3 {6} Qxa3 {43} 39. Kf2 {
129} Qc5+ {11} 40. Kf1 {7} Qe3 {57} 41. Qb2 {53} Rab8 {35} 42. Qa1 {17} Qe4 {
171} 43. Qxa6 {114} Rb1+ {94} 44. Kf2 {19} Rb2+ {44} 45. Kg1 {64} Ra8 {12} 0-1

[Event "Top 16 Groupe A"]
[Site "Chartres, France"]
[Date "2024.06.01"]
[Round "3.27"]
[White "Kunin, Vitaly"]
[Black "Bonte, Andrei-Mihai"]
[Result "1/2-1/2"]
[WhiteElo "2522"]
[BlackElo "2269"]
[PlyCount "159"]
[EventDate "2024.??.??"]

1. Nf3 {5} d5 {74} 2. d4 {100} Nf6 {13} 3. c4 {63} e6 {36} 4. Nc3 {27} c6 {58}
5. e3 {89} Nbd7 {23} 6. Qc2 {9} Bd6 {209} 7. Bd3 {12} dxc4 {190} 8. Bxc4 {23}
O-O {23} 9. O-O {36} b5 {189} 10. Bd3 {16} Bb7 {59} 11. Rd1 {79} Qb8 {448} 12.
h3 {635} h6 {764} 13. e4 {150} e5 {95} 14. Be3 {146} Re8 {399} 15. Ne2 {389}
exd4 {950} 16. Nexd4 {47} a6 {281} 17. Nf5 {97} Bf4 {473} 18. Bxf4 {1570} Qxf4
{48} 19. Bf1 {144} c5 {925} 20. Nd6 {37} Reb8 {22} 21. a4 {67} Bc6 {560} 22.
axb5 {136} axb5 {2} 23. Rxa8 {14} Bxa8 {5} 24. Bxb5 {505} Nxe4 {53} 25. Nxf7 {
226} Rxb5 {178} 26. Rxd7 {25} Rb8 {81} 27. N7e5 {109} Ng5 {48} 28. Nxg5 {510}
Qxg5 {10} 29. Qc4+ {151} Kh7 {7} 30. Ng4 {89} h5 {83} 31. Qd3+ {505} Qg6 {34}
32. Ne5 {332} Qxd3 {9} 33. Nxd3 {4} c4 {34} 34. Ne5 {5} Rxb2 {28} 35. Nxc4 {6}
Rb4 {39} 36. Ne3 {7} Be4 {28} 37. Re7 {71} Rd4 {26} 38. h4 {40} Bg6 {26} 39. g3
{8} Be4 {27} 40. Re5 {53} g6 {49} 41. Re7+ {9} Kg8 {215} 42. f4 {284} Kf8 {373}
43. Re5 {17} Kf7 {8} 44. Kf2 {22} Ra4 {31} 45. Ke1 {158} Bc6 {328} 46. Rc5 {88}
Bd7 {20} 47. Nc4 {65} Kf6 {166} 48. Kf2 {125} Ra2+ {68} 49. Ke3 {5} Rc2 {43}
50. Nb6 {624} Bf5 {8} 51. Nd5+ {111} Ke6 {49} 52. Rxc2 {53} Bxc2 {22} 53. Kd4 {
7} Bb3 {53} 54. Ne3 {18} Ba2 {54} 55. Kc5 {113} Bb3 {37} 56. Kc6 {72} Ba4+ {85}
57. Kc7 {7} Bb5 {26} 58. Kd8 {49} Kf6 {191} 59. f5 {227} Bd3 {112} 60. fxg6 {18
} Bxg6 {94} 61. Nd5+ {16} Ke5 {166} 62. Nf4 {9} Bc2 {56} 63. Nxh5 {22} Kf5 {47}
64. Ke7 {73} Kg4 {60} 65. Ng7 {15} Bd1 {112} 66. h5 {32} Kg5 {10} 67. Ke6 {27}
Bg4+ {69} 68. Ke5 {6} Bf3 {17} 69. Ke6 {247} Bg4+ {10} 70. Ke5 {23} Bf3 {6} 71.
Ne6+ {29} Kxh5 {19} 72. Kf4 {6} Bd1 {11} 73. Ng7+ {11} Kg6 {7} 74. Nf5 {4} Kf6
{8} 75. Ne3 {8} Be2 {7} 76. Ng2 {17} Bd1 {26} 77. Nh4 {37} Be2 {10} 78. Nf3 {12
} Bxf3 {12} 79. Kxf3 {6} Kf5 {4} 80. g4+ {6} 1/2-1/2

[Event "Top 16 Groupe A"]
[Site "CHARTRES, France"]
[Date "2024.06.02"]
[Round "4.3"]
[White "Postny, Evgeny"]
[Black "Saya, Ethan"]
[Result "1-0"]
[WhiteElo "2600"]
[BlackElo "2231"]
[PlyCount "53"]
[EventDate "2024.??.??"]

1. d4 {4} Nf6 {45} 2. c4 {10} e6 {6} 3. Nf3 {10} b6 {82} 4. g3 {11} Bb7 {6} 5.
Bg2 {9} Be7 {12} 6. O-O {15} O-O {5} 7. Re1 {8} a5 {99} 8. Nc3 {62} Ne4 {13} 9.
Qc2 {25} Nxc3 {50} 10. bxc3 {7} f5 {115} 11. d5 {100} Na6 {168} 12. e4 {315}
fxe4 {125} 13. Rxe4 {258} exd5 {443} 14. cxd5 {243} Bxd5 {53} 15. Rxe7 {970}
Qxe7 {129} 16. Ng5 {7} Qe1+ {34} 17. Bf1 {5} g6 {94} 18. Bb2 {36} Qe7 {896} 19.
c4 {885} Qxg5 {30} 20. cxd5 {6} Nc5 {335} 21. Qc3 {311} Qh6 {7} 22. d6 {320}
cxd6 {177} 23. Bc4+ {68} Ne6 {7} 24. Rd1 {309} d5 {1215} 25. Rxd5 {162} Rxf2 {9
} 26. Qh8+ {27} Kf7 {6} 27. Rxd7# {4} 1-0

[Event "Top 16 Groupe A"]
[Site "CHARTRES, France"]
[Date "2024.06.02"]
[Round "4.5"]
[White "Bailet, Pierre"]
[Black "Emmenecker, Pierre-Antoine"]
[Result "1/2-1/2"]
[WhiteElo "2491"]
[BlackElo "2306"]
[PlyCount "104"]
[EventDate "2024.??.??"]

1. e4 {9} e5 {6} 2. Nf3 {8} Nf6 {5} 3. Nxe5 {172} d6 {9} 4. Nf3 {10} Nxe4 {6}
5. d4 {26} d5 {8} 6. Bd3 {26} Bf5 {25} 7. O-O {80} Be7 {7} 8. Re1 {133} O-O {19
} 9. Nbd2 {293} Nd6 {12} 10. Bxf5 {110} Nxf5 {21} 11. Nf1 {67} Bd6 {1076} 12.
Qd3 {463} Qf6 {230} 13. Qb3 {1906} Nxd4 {191} 14. Nxd4 {44} Qxd4 {9} 15. Qxb7 {
231} Nd7 {18} 16. Be3 {235} Qe4 {608} 17. Qb5 {796} Nf6 {206} 18. Qd3 {117}
Qxd3 {677} 19. cxd3 {5} Rfb8 {87} 20. Re2 {83} c5 {429} 21. Bg5 {65} Ng4 {263}
22. d4 {585} cxd4 {152} 23. Rd1 {2} f6 {475} 24. Bh4 {2} Bc5 {372} 25. Bg3 {152
} Re8 {324} 26. Rxe8+ {40} Rxe8 {8} 27. b4 {6} Bb6 {125} 28. a4 {5} Ne3 {165}
29. Re1 {185} a5 {504} 30. b5 {228} Kf7 {93} 31. fxe3 {41} dxe3 {7} 32. Nxe3 {
78} Rxe3 {187} 33. Rxe3 {21} Bxe3+ {2} 34. Kf1 {113} Bb6 {6} 35. Bf2 {61} d4 {
115} 36. Bg3 {57} Ke6 {30} 37. Ke2 {3} Kd5 {7} 38. Kd3 {4} g5 {54} 39. Be1 {43}
f5 {29} 40. h3 {48} f4 {38} 41. Bf2 {215} h5 {358} 42. g4 {33} fxg3 {344} 43.
Bxg3 {4} g4 {460} 44. hxg4 {29} hxg4 {4} 45. Bf2 {286} Bc5 {720} 46. Bg3 {113}
Be7 {54} 47. Be1 {439} Bd8 {31} 48. Bf2 {92} Bf6 {36} 49. Be1 {6} Bd8 {69} 50.
Bf2 {6} Bf6 {42} 51. Be1 {32} Bg5 {19} 52. Bf2 {225} Bf6 {38} 1/2-1/2

[Event "Top 16 Groupe A"]
[Site "CHARTRES, France"]
[Date "2024.06.02"]
[Round "4.9"]
[White "Grigoryan, Karen H"]
[Black "Santos Latasa, Jaime"]
[Result "1/2-1/2"]
[WhiteElo "2580"]
[BlackElo "2626"]
[PlyCount "144"]
[EventDate "2024.??.??"]

1. d4 {6} Nf6 {7} 2. c4 {10} e6 {5} 3. Nc3 {4} Bb4 {12} 4. Qc2 {18} d5 {24} 5.
a3 {54} Bxc3+ {6} 6. Qxc3 {3} O-O {12} 7. Nf3 {45} b6 {60} 8. Bg5 {55} dxc4 {47
} 9. Qxc4 {45} Ba6 {10} 10. Qc2 {471} h6 {380} 11. Bh4 {751} Nbd7 {94} 12. e4 {
224} Qc8 {116} 13. O-O-O {243} Bb7 {311} 14. e5 {519} Nd5 {38} 15. Kb1 {45} c5
{27} 16. Rc1 {5} cxd4 {713} 17. Qd2 {152} Nc5 {352} 18. Nxd4 {221} Ba6 {251}
19. f4 {304} Bxf1 {156} 20. Rhxf1 {12} Qa6 {31} 21. Rf3 {114} Rac8 {535} 22.
Re1 {76} Qa5 {815} 23. Qxa5 bxa5 {472} 24. f5 {19} Rc7 {192} 25. Nb5 {690} Rb7
{190} 26. Nd6 {23} Rb3 {87} 27. Rxb3 {29} Nxb3 {16} 28. Bf2 {95} exf5 {233} 29.
Nxf5 {97} Nd2+ {206} 30. Ka1 {70} Nc4 {32} 31. Bxa7 {114} Re8 {93} 32. Bd4 {386
} a4 {164} 33. Ka2 {158} Nd2 {145} 34. Rc1 {167} Nb3 {205} 35. Rc4 {18} Nxd4 {
69} 36. Nxd4 {136} Rxe5 {158} 37. Rxa4 {8} Re4 {22} 38. Ra8+ {171} Kh7 {12} 39.
Nf3 {72} Re2 {17} 40. Rd8 {105} Nc3+ {82} 41. Kb3 {12} Ne4 {8} 42. a4 {390}
Rxg2 {112} 43. a5 {51} Rf2 {136} 44. Nd4 {364} Rxh2 {329} 45. Rd5 {137} Rh1 {
300} 46. Ka2 {282} Rc1 {141} 47. a6 {42} Rc8 {7} 48. a7 {56} Ra8 {15} 49. Nc6 {
45} g5 {30} 50. Rd8 {130} Rxa7+ {18} 51. Nxa7 {4} h5 {20} 52. Nc6 {441} h4 {48}
53. Rd7 {155} Kg6 {168} 54. Ne5+ {22} Kf5 {13} 55. Nxf7 {38} h3 {216} 56. Nd6+
{257} Ke6 {140} 57. Nxe4 {55} Kxd7 {47} 58. b4 {21} h2 {58} 59. Ng3 {12} Kd6 {
135} 60. Kb3 {21} Ke5 {51} 61. b5 {46} Kf4 {5} 62. Nh1 {5} Kf3 {5} 63. b6 {6}
Kg2 {4} 64. b7 {7} Kxh1 {4} 65. b8=Q {4} g4 {41} 66. Kc3 {222} Kg2 {92} 67.
Qb7+ {37} Kg1 {5} 68. Qb1+ {23} Kg2 {6} 69. Qe4+ {9} Kg1 {5} 70. Qxg4+ {58} Kh1
{56} 71. Qf3+ {59} Kg1 {6} 72. Qg3+ {10} Kh1 {5} 1/2-1/2

[Event "Top 16 Groupe A"]
[Site "CHARTRES, France"]
[Date "2024.06.02"]
[Round "4.10"]
[White "Albornoz Cabrera, Carlos Daniel"]
[Black "Ter-Sahakyan, Samvel"]
[Result "0-1"]
[WhiteElo "2610"]
[BlackElo "2650"]
[PlyCount "76"]
[EventDate "2024.??.??"]

1. e4 {2} c5 {5} 2. Nf3 {4} d6 {4} 3. d4 {3} cxd4 {4} 4. Nxd4 {4} Nf6 {4} 5.
Nc3 {5} a6 {3} 6. Bg5 {4} e6 {5} 7. f4 {4} Qb6 {4} 8. Nb3 {4} Nbd7 {150} 9. Qd2
{57} Qc7 {363} 10. O-O-O {31} b5 {64} 11. a3 {15} Bb7 {228} 12. Bd3 {63} Be7 {
317} 13. Qe1 {163} Rd8 {1122} 14. Rf1 {791} Nc5 {737} 15. Nxc5 {151} dxc5 {20}
16. e5 {94} c4 {521} 17. Be2 {1717} Rxd1+ {336} 18. Bxd1 {200} Nd5 {82} 19.
Nxd5 {339} Bxd5 {41} 20. Bxe7 {5} Qxe7 {30} 21. Qe3 {200} O-O {90} 22. g4 {49}
b4 {775} 23. axb4 {810} Qxb4 {34} 24. c3 {29} Qa5 {226} 25. Bc2 {7} Qa1+ {134}
26. Bb1 {13} a5 {44} 27. Re1 {386} Rb8 {147} 28. Re2 {6} a4 {28} 29. Qa7 {690}
Ra8 {16} 30. Qb6 {43} a3 {99} 31. bxa3 {16} Qxc3+ {70} 32. Bc2 {1} Qxa3+ {112}
33. Kd2 {3} Qf3 {341} 34. Qe3 {46} Qxg4 {19} 35. Qg3 {62} h5 {91} 36. Re3 {35}
Ra2 {70} 37. Qf2 {32} Qf5 {82} 38. Kc1 {14} Be4 {47} 0-1

[Event "Top 16 Groupe A"]
[Site "CHARTRES, France"]
[Date "2024.06.02"]
[Round "4.12"]
[White "Kunin, Vitaly"]
[Black "Fedorchuk, Sergey A"]
[Result "0-1"]
[WhiteElo "2522"]
[BlackElo "2546"]
[PlyCount "92"]
[EventDate "2024.??.??"]

1. d4 {3} Nf6 {16} 2. c4 {32} e6 {28} 3. Nf3 {23} b6 {71} 4. a3 {35} Bb7 {39}
5. Nc3 {32} d5 {26} 6. cxd5 {36} Nxd5 {14} 7. Qc2 {32} Be7 {955} 8. e4 {29}
Nxc3 {15} 9. bxc3 {12} O-O {14} 10. Bd3 {23} c5 {18} 11. O-O {10} Qc8 {257} 12.
Qe2 {63} Ba6 {534} 13. Rd1 {45} cxd4 {335} 14. cxd4 {27} Bxd3 {6} 15. Rxd3 {12}
Nd7 {16} 16. e5 {10} Qc4 {231} 17. Bg5 {167} Bxg5 {661} 18. Nxg5 {25} Rac8 {7}
19. Rad1 {194} Rc6 {854} 20. Qh5 {1179} h6 {111} 21. Ne4 {34} Qd5 {561} 22. Nc3
{516} Qa5 {111} 23. Ne4 {154} Qd5 {54} 24. Qh4 {113} Nxe5 {339} 25. Nf6+ {1213}
gxf6 {19} 26. Rg3+ {3} Ng6 {511} 27. Qxh6 {7} Rfc8 {304} 28. h4 {12} Rc3 {91}
29. Rg4 {265} R3c5 {22} 30. Rxg6+ {405} fxg6 {4} 31. Qxg6+ {6} Kf8 {2} 32.
Qxf6+ {8} Ke8 {5} 33. Re1 {68} R5c6 {33} 34. Re5 {160} Qd6 {44} 35. g3 {312}
Qe7 {27} 36. Qh6 {61} Kd7 {108} 37. h5 {319} Rd6 {69} 38. Qe3 {429} Qf6 {25}
39. Re4 {41} Qf5 {41} 40. h6 {105} Rh8 {30} 41. Rh4 {210} Rd5 {35} 42. Qb3 {64}
Rb5 {22} 43. Qa4 {186} Kd6 {23} 44. d5 {167} Rb1+ {60} 45. Kg2 {4} Qxd5+ {6}
46. Re4 {3} Rxh6 {81} 0-1

[Event "Top 16 Groupe A"]
[Site "Chartres, France"]
[Date "2024.06.02"]
[Round "4.17"]
[White "Harikrishna, Pentala"]
[Black "Lupulescu, Constantin"]
[Result "1-0"]
[WhiteElo "2699"]
[BlackElo "2588"]
[PlyCount "52"]
[EventDate "2024.??.??"]

1. c4 {10} e5 {6} 2. g3 {51} c6 {9} 3. d4 {64} e4 {15} 4. a3 {87} d5 {277} 5.
Nc3 {28} Be7 {587} 6. Bg2 {464} Nf6 {307} 7. f3 {88} exf3 {118} 8. Nxf3 {6}
dxc4 {182} 9. O-O {38} O-O {20} 10. e4 {82} b5 {641} 11. Kh1 {144} Na6 {484}
12. Qc2 {889} Nc7 {199} 13. Bf4 {343} Bb7 {621} 14. Rad1 {200} Qc8 {144} 15.
Nh4 {165} Ne6 {369} 16. Nf5 {86} Qd7 {346} 17. Be3 {890} Rfc8 {168} 18. d5 {609
} cxd5 {45} 19. e5 {34} Ng4 {259} 20. Nxd5 {12} Bxd5 {12} 21. Rxd5 {607} Qe8 {
441} 22. Bc1 {77} Nc7 {274} 23. Qe2 {174} h5 {134} 24. h3 {106} Nxd5 {129} 25.
Bxd5 {37} Rc5 {24} 26. e6 {248} Bf8 {387} 1-0

[Event "Top 16 Groupe A"]
[Site "Chartres, France"]
[Date "2024.06.02"]
[Round "4.18"]
[White "Demuth, Adrien"]
[Black "Esipenko, Andrey"]
[Result "1/2-1/2"]
[WhiteElo "2506"]
[BlackElo "2703"]
[PlyCount "111"]
[EventDate "2024.??.??"]

1. c4 {2} c5 {43} 2. Nf3 {51} Nc6 {14} 3. Nc3 {136} Nf6 {15} 4. g3 {350} d5 {
140} 5. cxd5 {7} Nxd5 {4} 6. Bg2 {6} g6 {169} 7. O-O {250} Bg7 {9} 8. d3 {152}
O-O {380} 9. Nxd5 {918} Qxd5 {7} 10. Be3 {5} Bd7 {1567} 11. Nd2 {1653} Qh5 {272
} 12. Bf3 {119} Bg4 {15} 13. Bxg4 {470} Qxg4 {44} 14. Bxc5 {24} Bxb2 {19} 15.
Rb1 {27} Bd4 {12} 16. Ba3 {254} Qd7 {172} 17. Nb3 {345} Bb6 {481} 18. Bb2 {428}
Rfd8 {336} 19. Rc1 {13} Qd5 {50} 20. Rc4 {252} Qxc4 {360} 21. dxc4 {4} Rxd1 {5}
22. Rxd1 {3} Kf8 {33} 23. e3 {276} Rc8 24. a3 Ke8 25. Kf1 Na5 26. Nxa5 Bxa5 27.
Rc1 Kd7 28. Ke2 Rc6 29. Rd1+ Ke6 30. Rd5 Bc7 31. Kd3 Bd6 32. Rb5 b6 33. a4 {
2152} Bc5 {51} 34. Bd4 {34} a6 {31} 35. Rb1 {9} Kd6 {8} 36. Kc3 {47} e5 {127}
37. Bxc5+ {3} Kxc5 {2} 38. a5 {80} bxa5 {16} 39. Rb7 {34} Rf6 {11} 40. f4 {25}
exf4 {63} 41. exf4 {1066} a4 {620} 42. Rc7+ {317} Kb6 {40} 43. Rd7 {47} a5 {117
} 44. h4 {169} h5 {134} 45. Re7 {226} Rf5 {667} 46. Rd7 {28} Rf6 {107} 47. Re7
{2} Ka6 {97} 48. Kb2 {82} Rb6+ {72} 49. Ka2 {97} Rb7 {45} 50. Re5 {38} Rc7 {366
} 51. f5 {22} Kb7 {214} 52. fxg6 {16} fxg6 53. Rg5 {33} Rc6 {1} 54. g4 {17}
Rxc4 {41} 55. gxh5 {5} gxh5 {5} 56. Rxh5 {3} 1/2-1/2

[Event "Top 16 Groupe A"]
[Site "Chartres, France"]
[Date "2024.06.02"]
[Round "4.22"]
[White "Cornette, Matthieu"]
[Black "Wirig, Anthony"]
[Result "1/2-1/2"]
[WhiteElo "2568"]
[BlackElo "2453"]
[PlyCount "64"]
[EventDate "2024.??.??"]

1. e4 {25} c5 {35} 2. Nf3 {16} e6 {36} 3. d4 {40} cxd4 {10} 4. Nxd4 {5} Nf6 {
150} 5. Nc3 {28} Nc6 {14} 6. Be2 {120} Bb4 {267} 7. O-O {53} Bxc3 {113} 8. bxc3
{10} Nxe4 {24} 9. Nxc6 {33} dxc6 {92} 10. Bd3 {10} Nc5 {136} 11. Qg4 {121} O-O
{43} 12. Ba3 {714} e5 {132} 13. Qg3 {790} b6 {1840} 14. Bxc5 {90} bxc5 {13} 15.
Qxe5 {6} Be6 {647} 16. Qxc5 {392} Qb6 {8} 17. Qe5 {335} Rab8 {139} 18. h4 {279}
Rfd8 {224} 19. Rfe1 {309} Rd5 {282} 20. Qf4 {39} Rc5 {88} 21. Re3 {302} Rd8 {
192} 22. Rae1 {76} g6 {659} 23. Rg3 {1102} Qb8 {268} 24. Qf6 {69} Rd6 {102} 25.
Qe7 {327} Qd8 {250} 26. Qxa7 {62} Ra5 {43} 27. Qb7 {113} Qxh4 {60} 28. Re4 {93}
Qd8 {80} 29. a4 {46} c5 {59} 30. Re1 {85} c4 {171} 31. Bf1 Rxa4 {12} 32. Rge3 {
24} Ra8 {214} 1/2-1/2

[Event "Top 16 Groupe A"]
[Site "Chartres, France"]
[Date "2024.06.02"]
[Round "4.23"]
[White "Loiseau, Quentin"]
[Black "Degraeve, Jean-Marc"]
[Result "1/2-1/2"]
[WhiteElo "2411"]
[BlackElo "2460"]
[PlyCount "65"]
[EventDate "2024.??.??"]

1. d4 {9} Nf6 {15} 2. c4 {20} g6 {15} 3. Nc3 {13} Bg7 {9} 4. e4 {14} d6 {7} 5.
Be2 {57} O-O {9} 6. Nf3 {35} e5 {62} 7. O-O {70} Nc6 {28} 8. d5 {8} Ne7 {6} 9.
Ne1 {14} Ne8 {236} 10. Be3 {71} f5 {13} 11. f3 {5} Kh8 {206} 12. Nd3 {37} Ng8 {
21} 13. c5 {1824} Bh6 {236} 14. Bxh6 {123} Nxh6 {2} 15. f4 {12} exf4 {87} 16.
cxd6 {514} cxd6 {277} 17. Nxf4 {67} Qb6+ {157} 18. Kh1 {114} Ng7 {53} 19. Qd2 {
432} Nf7 {21} 20. exf5 {1107} Bxf5 {115} 21. Ne6 {85} Nxe6 {92} 22. dxe6 {100}
Bxe6 {5} 23. Rf6 {24} Rae8 {549} 24. Raf1 {512} Kg7 {182} 25. Ne4 {494} d5 {
1626} 26. Ng3 {67} Qd6 {448} 27. Bg4 {174} Qe5 {42} 28. Qf2 {102} Bxg4 {133}
29. Rxf7+ {3} Rxf7 {11} 30. Qxf7+ {2} Kh6 {185} 31. h3 {51} Bxh3 {149} 32. gxh3
{150} Qxg3 {5} 33. Qxe8 {2} 1/2-1/2

[Event "Top 16 Groupe A"]
[Site "Chartres, France"]
[Date "2024.06.02"]
[Round "4.24"]
[White "Pelletier, Yannick"]
[Black "Milliet, Sophie"]
[Result "1/2-1/2"]
[WhiteElo "2514"]
[BlackElo "2385"]
[PlyCount "115"]
[EventDate "2024.??.??"]

1. b3 {65} e5 {26} 2. Bb2 {8} Nc6 {19} 3. e3 {26} Nf6 {174} 4. Nf3 {78} e4 {27}
5. Nd4 {37} Nxd4 {105} 6. Bxd4 {18} d5 {47} 7. c4 {703} dxc4 {485} 8. Bxc4 {228
} Bf5 {243} 9. Nc3 {768} Bd6 {588} 10. f3 {1557} Nh5 {888} 11. Nxe4 {42} Bxe4 {
71} 12. fxe4 {7} Qh4+ {8} 13. Ke2 {17} Qxe4 {175} 14. Kf2 {264} Qg6 {621} 15.
Qf3 {555} O-O {48} 16. g4 {540} Nf6 {3} 17. Bxf6 {7} Qxf6 {12} 18. Qxf6 {20}
gxf6 {3} 19. Ke2 {66} Rad8 {27} 20. Raf1 {50} Kg7 {41} 21. Rf5 {43} Bb4 {315}
22. d4 {219} Rfe8 {383} 23. Kd3 {204} Re5 {340} 24. Rhf1 {6} Rxf5 {13} 25. Rxf5
{13} c6 {35} 26. a4 {188} h6 {169} 27. Ke2 {136} Rd7 {66} 28. h4 {25} Re7 {47}
29. Bd3 {24} Bc3 {250} 30. Rf4 {19} Bb4 {117} 31. Rf5 {9} Bc3 {9} 32. Rf4 {5}
Bb4 {3} 33. Bf5 {42} Bd6 {231} 34. Rf3 {48} Re8 {123} 35. Kd3 {21} a5 {280} 36.
Kc4 {28} Bb4 {48} 37. e4 {40} Re7 {23} 38. Rd3 {80} Rc7 {21} 39. Rd1 {48} Bd6 {
50} 40. Rg1 {69} Be7 {301} 41. Rg2 {128} Kf8 {69} 42. Re2 {640} Kg7 {238} 43.
h5 {81} Bb4 {72} 44. e5 {109} Re7 {479} 45. Bc8 {104} Kf8 {189} 46. Re4 {466}
b6 {232} 47. Bf5 {18} fxe5 {120} 48. dxe5 {10} Kg7 {296} 49. Re2 {75} Bc5 {75}
50. Kd3 {330} Re8 {32} 51. Kc4 {105} Re7 {15} 52. Kc3 {52} Bb4+ {69} 53. Kd4 {
10} Bc5+ {51} 54. Kc4 {6} Bb4 {29} 55. Kd3 {282} Bc5 {17} 56. Ke4 {29} Bd6 {12}
57. Kd4 {95} Bc5+ {5} 58. Ke4 {16} 1/2-1/2

[Event "Top 16 Groupe A"]
[Site "Chartres, France"]
[Date "2024.06.02"]
[Round "4.26"]
[White "Alonso Rosell, Alvar"]
[Black "Van Wely, Loek"]
[Result "0-1"]
[WhiteElo "2556"]
[BlackElo "2607"]
[PlyCount "76"]
[EventDate "2024.??.??"]

1. d4 {1771} Nf6 {13} 2. c4 {20} e6 {13} 3. Nc3 {278} Bb4 {34} 4. Qc2 {46} O-O
{411} 5. a3 {230} Bxc3+ {24} 6. Qxc3 {2} b6 {35} 7. Bg5 {159} Bb7 {108} 8. e3 {
167} d6 {144} 9. Ne2 {11} Nbd7 {61} 10. Qd3 {84} c5 {468} 11. Rd1 {168} Rc8 {
368} 12. Nc3 {138} Qe7 {818} 13. Be2 {725} Ba6 {597} 14. e4 {1358} Rfd8 {1159}
15. d5 {452} h6 {126} 16. Bh4 {123} Ne5 {75} 17. Qc2 {162} Bxc4 {87} 18. Bxc4 {
47} Nxc4 {3} 19. dxe6 {27} fxe6 {99} 20. O-O {6} Qf7 {488} 21. Nb5 {43} d5 {13}
22. b3 {12} Ne5 {17} 23. exd5 {62} exd5 {69} 24. Bg3 {24} a6 {79} 25. Na7 {38}
Nf3+ {66} 26. gxf3 {2} Qxa7 {7} 27. Be5 {46} Qf7 {35} 28. Qf5 {29} d4 {60} 29.
Qd3 {1} b5 {98} 30. Rfe1 {21} c4 {102} 31. bxc4 {2} bxc4 {6} 32. Qf5 {4} d3 {
115} 33. Ba1 {2} Nd5 {78} 34. Qg4 {2} Rc6 {46} 35. Kh1 {10} Rg6 {55} 36. Qe4 {2
} Kh7 {193} 37. Rg1 {207} Re8 {20} 38. Rxg6 {15} Rxe4 {26} 0-1